[Event "FIDE World Cup 2017"]
[Site "Tbilisi"]
[Date "2017.09.08"]
[Round "2.4"]
[White "Bruzon Batista, Lazaro"]
[Black "Nakamura, Hikaru"]
[Result "1/2-1/2"]
[WhiteElo "2651"]
[BlackElo "2781"]
[Annotator "TA"]
[PlyCount "86"]
[EventDate "2017.??.??"]
[EventType "k.o."]
[EventCountry "GEO"]
[SourceTitle "playchess.com"]
[Source "ChessBase"]
[SourceQuality "1"]

{[%evp 12,86,14,-12,2,0,42,32,34,28,41,41,41,37,62,33,31,29,29,35,50,57,58,35,37,24,33,33,89,79,104,73,95,89,142,114,166,132,130,118,138,135,136,137,153,130,132,132,135,122,160,134,217,139,177,0,0,0,8,0,0,0,0,0,0,0,0,-150,0,0,0,0,0,0,0,0,0]} 1. Nf3 d5 2. g3 g6 3. d4 Bg7 4. Bg2 Nd7 5. O-O Ngf6 6. Bf4 O-O 7. Qc1 {LiveBook: 5 Games. D02: 1 d4 d5 2 Nf3 sidelines, including 2...Nf6 3 g3 and 2...Nf6 3 Bf4} b6 (7... c5 8. Bh6 Bxh6 9. Qxh6 Qb6 10. dxc5 Qxb2 11. Nbd2 Nxc5 12. Rab1 Qc3 13. Nb3 Nce4 14. Nbd4 b6 15. Rb3 Qc5 16. e3 Ba6 17. h3 Bxf1 18. Bxf1 Qc7 19. Bd3 e5 20. Bxe4 Nxe4 21. Rc3 Qxc3 {0-1 (21) Huzman,A (2580)-Gelfand,B (2741) Berlin 2015}) 8. c4 $146 ({Find the theoretical novelty and annotate with similar games:} 8. Nc3 c6 9. Re1 Bb7 10. Bh6 Ng4 11. Bxg7 Kxg7 12. e4 e5 13. h3 Nh6 14. dxe5 Re8 15. exd5 cxd5 {1-0 (36) Geisert,B (1498)-Wirth,F (1428) Ludwigshafen 2000}) 8... Ba6 9. Ne5 {aiming for Nc6.White is slightly better.} Bb7 10. Rd1 e6 11. Nc3 c6 12. e4 dxe4 13. Nxe4 (13. Qe3 {is interesting.} Qe7 14. Nxe4 Nxe4 15. Bxe4 Nxe5 16. dxe5 Rad8 17. Bg5) 13... Nxe4 14. Bxe4 Nxe5 15. Bxe5 Bxe5 16. dxe5 Qc7 17. Qg5 c5 18. Bxb7 Qxb7 19. h4 {[%cal Bh2h4,Bh4h5][%mdl 32]} Rfe8 (19... Qe4 $14) 20. Rd6 $16 Qe7 21. Qf4 Rab8 22. Rad1 Rb7 (22... h5 $142) 23. h5 g5 (23... gxh5 $16 24. Kg2 h4) 24. Qe4 h6 25. b3 Rc7 26. Kg2 Kg7 27. R1d2 Rg8 28. R2d3 Qe8 29. Kh2 Qa8 30. Qe2 Qb7 31. a4 a6 (31... Qa8 $16) 32. Qg4 b5 33. Rf3 $2 {[#]} (33. axb5 $18 axb5 34. cxb5) 33... bxa4 $11 34. bxa4 a5 35. Rf6 Rd7 36. Rxd7 $40 {[%mdl 128] White mounts an attack.} Qxd7 {[%mdl 4096] Endgame KQR-KQR} 37. f4 $1 Qd2+ 38. Kh3 Kf8 39. Rxh6 ({Avoid the trap} 39. Qxe6 $2 g4+ 40. Qxg4 Rxg4 $19) (39. fxg5 $11 hxg5 40. Rf1) 39... Qf2 ({Better is} 39... Qc1 $17 {[%cal Rc1h1]} 40. Kh2 Qxc4) 40. fxg5 {[#] Rf6 is the strong threat.The position is equal.} Qf1+ 41. Kh4 Qh1+ 42. Qh3 Qe4+ 43. Qg4 Qh1+ {Precision: White = 63%, Black = 37%.} 1/2-1/2

[Event "FIDE World Cup 2017"]
[Site "Tbilisi"]
[Date "2017.09.08"]
[Round "2.4"]
[White "Bluebaum, Matthias"]
[Black "So, Wesley"]
[Result "1/2-1/2"]
[WhiteElo "2633"]
[BlackElo "2792"]
[Annotator "TA"]
[PlyCount "83"]
[EventDate "2017.??.??"]
[EventType "k.o."]
[EventCountry "GEO"]
[SourceTitle "playchess.com"]
[Source "ChessBase"]
[SourceQuality "1"]

{[%evp 16,83,19,16,17,21,18,14,22,16,22,11,30,31,18,14,31,37,40,28,33,33,33,29,30,31,33,33,31,26,31,32,33,41,37,27,35,18,22,19,25,25,25,25,31,31,34,7,7,7,7,0,9,2,15,10,9,7,7,7,7,7,9,9,9,9,9,9,9,9]} 1. d4 Nf6 2. c4 e6 3. Nf3 d5 4. Nc3 c5 5. cxd5 cxd4 6. Qxd4 exd5 7. Bg5 Be7 8. e3 O-O {D50: Queen's Gambit Declined: Dutch-Peruvian Gambit} 9. Be2 {LiveBook: 12 Games} h6 (9... Nc6 10. Qd2 Be6 11. O-O h6 12. Bxf6 Bxf6 13. Rfd1 Qb6 14. Rac1 Rfd8 15. Na4 Qc7 16. Nc5 {½-½ (88) Grischuk,A (2737)-Wei,Y (2707) Doha 2016}) 10. Bh4 Nc6 11. Qd3 Qb6 12. O-O Rd8 13. Rfd1 $146 ({Predecessor:} 13. Qb5 Qxb5 14. Nxb5 g5 15. Bg3 Ne4 16. Bc7 Re8 17. h3 a6 {½-½ (17) Lelgemann,L (2064)-Gonschior,M (2120) GER email 2014}) 13... Bg4 (13... Be6 {keeps more tension.} 14. Nb5 Rac8 15. Nfd4 Bd7 16. Nc3 Be6) 14. Qb5 Qxb5 15. Nxb5 Rac8 16. h3 Be6 17. Rac1 g5 18. Bg3 Ne4 19. Bc7 Re8 {[#] White must now prevent ...a6.} 20. Bh2 Bf6 21. Nfd4 Nxd4 22. Nxd4 Rxc1 23. Rxc1 Rc8 24. Rxc8+ Bxc8 25. Kf1 Nc5 26. Bf3 Be6 27. b3 Bxd4 28. exd4 $11 {[%mdl 4096] Endgame KBB-KBN} Ne4 29. Ke1 Bf5 30. a4 Kf8 31. Ke2 Ke7 {The position is equal.} 32. Ke3 Ke6 33. Bh5 Bh7 34. Be5 f6 35. Bb8 a6 36. Bc7 (36. Ba7 {is interesting.} Nd6 37. Kd2 Nc8 38. Bc5 Nd6 39. b4) 36... Nd6 37. Bxd6 Kxd6 38. a5 Be4 39. g3 Bf5 40. h4 Kc6 41. Be2 Bc2 42. b4 {Precision: White = 77%, Black = 65%.} 1/2-1/2

[Event "FIDE World Cup 2017"]
[Site "Tbilisi"]
[Date "2017.09.08"]
[Round "2.4"]
[White "Erdos, Viktor"]
[Black "Svidler, Peter"]
[Result "1/2-1/2"]
[WhiteElo "2619"]
[BlackElo "2756"]
[Annotator "TA"]
[PlyCount "103"]
[EventDate "2017.??.??"]
[EventType "k.o."]
[EventCountry "GEO"]
[SourceTitle "playchess.com"]
[Source "ChessBase"]
[SourceQuality "1"]

{[%evp 27,103,19,22,33,19,12,1,16,10,0,0,0,0,0,0,-6,31,27,36,32,37,12,21,0,0,0,16,0,78,84,52,0,0,0,0,0,0,0,0,0,0,0,0,0,0,0,0,0,0,0,0,0,0,0,0,0,0,0,0,0,0,0,0,0,0,0,0,0,0,0,0,0,0,0,0,0,0,0]} 1. Nf3 Nf6 2. c4 c5 3. Nc3 Nc6 4. e3 g6 5. d4 cxd4 6. exd4 d5 7. cxd5 Nxd5 8. Qb3 e6 9. Bb5 Bg7 10. O-O {A35: Symmetrical English: 2 Nc3 Nc6 3 Nf3} O-O 11. Bxc6 bxc6 12. Na4 Qd6 13. Re1 Rb8 14. Qc2 (14. Qd1 c5 15. Nxc5 Bb7 16. Bg5 Ba8 17. Qd2 Rb5 {0-1 (59) Caruana,F (2807)-Le,Q (2739) Saint Louis 2017}) 14... Nb4 {LiveBook: 7 Games} 15. Qd1 c5 $146 {[%cal Rc5d4]} ({Find the theoretical novelty and annotate with similar games:} 15... Ba6 16. Nc5 Bc4 17. b3 Bd5 {1-0 (50) Blomqvist,E (2545)-Hauge,L (2385) Vasteras 2016}) 16. Nxc5 Bb7 17. Nxb7 Rxb7 18. b3 Nc6 19. Bb2 Rd8 20. Re4 a5 {[%cal Ba7a5,Ba5a4][%mdl 32]} 21. Qe2 a4 22. d5 Bxb2 23. Qxb2 a3 24. Qf6 Qxd5 25. Rae1 Rb5 26. g4 (26. Rc4 $5 {[%cal Rc4c6]} Rc5 27. Ra4 $11 (27. Rxc5 Qxc5 28. Ne5 Qe7 $11)) 26... Qd6 27. Rc4 Rd5 (27... Rf8 $11) 28. Ng5 $16 Qe7 29. Qxf7+ (29. Ne4 $1 $14 Rd1 30. Rxd1 Rxd1+ 31. Kg2 Qxf6 32. Nxf6+ Kg7 33. Ne8+ (33. Rxc6 Kxf6 34. Ra6 Kg5 $16) 33... Kf8 34. Rxc6 Kxe8 35. Ra6) 29... Qxf7 $11 {The position is equal.} 30. Nxf7 Kxf7 31. Rxc6 $14 {[%mdl 4096] Endgame KRR-KRR} Rd2 32. g5 Rxa2 33. Rc7+ Kg8 34. Rxe6 Rf8 35. Ree7 {[#] Intending Rg7+ and mate.} Rfxf2 36. Rg7+ Kf8 37. Rxh7 {[%cal Rh7h8]} Kg8 {Strongly threatening ...Rfd2.} 38. Rcg7+ Kf8 39. Ra7 {[%cal Rh7h8] [#]} Kg8 40. Rhg7+ Kf8 41. Rh7 {[%cal Rh7h8]} Rg2+ 42. Kh1 {[%cal Rh7h8]} Kg8 {aiming for ...Rgd2.} 43. Rhg7+ Kh8 44. Rh7+ Kg8 {White must now prevent ...Rgc2.} 45. Rhg7+ Kf8 46. Rh7 {[%cal Rh7h8]} Kg8 {Threatens to win with ...Rgd2.} 47. Rag7+ Kf8 48. Rf7+ Kg8 $1 {...Rxh2+! is the strong threat.} 49. Rfg7+ Kf8 {Hoping for ...Rxh2+!} 50. Rf7+ Kg8 $1 {And now ...Rxh2+ would win.} 51. Rhg7+ Kh8 52. Rh7+ {Precision: White = 78%, Black = 74%.} 1/2-1/2

[Event "FIDE World Cup 2017"]
[Site "Tbilisi"]
[Date "2017.09.08"]
[Round "2.4"]
[White "Sevian, Samuel"]
[Black "Li, Chao b"]
[Result "0-1"]
[WhiteElo "2610"]
[BlackElo "2745"]
[Annotator "TA"]
[PlyCount "138"]
[EventDate "2017.??.??"]
[EventType "k.o."]
[EventCountry "GEO"]
[SourceTitle "playchess.com"]
[Source "ChessBase"]
[SourceQuality "1"]

{[%evp 14,138,35,29,35,9,56,41,49,14,25,0,2,0,0,-53,-32,-35,-36,-49,-32,-29,-31,-39,-49,-74,-69,-89,-81,-81,-79,-88,-100,-87,-71,-123,-89,-93,-36,-58,-50,-34,-34,-78,-75,-100,-101,-94,-85,-77,-81,-119,-121,-105,-89,-105,-14,-106,-67,-75,-32,-31,-20,-32,-14,-14,-15,-17,-22,-51,-21,-28,-11,-11,0,-13,-9,-27,-8,-29,-35,-35,-15,-18,0,-37,-38,-77,-48,-57,0,-116,-92,-93,0,-7,0,-13,-16,-38,-16,-35,-11,-10,0,0,0,0,0,0,0,0,0,0,0,0,0,0,0,0,0,0,0,-12851,-12851,-12851,-29989]} 1. Nf3 Nf6 2. c4 c6 3. d4 d5 4. e3 g6 5. Nc3 Bg7 6. Be2 O-O 7. O-O b6 8. a4 {LiveBook: 19 Games. D94: Grünfeld: 4 Nf3 Bg7 5 e3} Bb7 9. a5 bxa5 $146 ({Predecessor:} 9... e6 10. b4 dxc4 11. Bxc4 Nd5 12. Nxd5 exd5 13. Bd3 b5 14. Nd2 a6 15. Nb3 Nd7 {½-½ (39) Bukavshin,I (2517)-Bu,X (2670) Moscow 2012}) 10. Qa4 {White is slightly better.} dxc4 11. Qxa5 Nbd7 12. Bxc4 c5 13. dxc5 Qc8 14. Ba6 (14. Nd4 $11) 14... Bxa6 $15 15. Qxa6 {Strongly threatening b4.} Qxa6 16. Rxa6 {b4 is the strong threat.} Nxc5 17. Ra3 Rfc8 18. Nd4 Bf8 19. Nde2 e6 20. Rd1 a5 21. f3 Nfd7 {[%cal Bf6d7,Bd7e5,Be5d3][%mdl 32]} 22. Ra2 Ne5 23. e4 Ned3 24. Kf1 (24. Bg5 $142) 24... Nb4 25. Ra1 Ncd3 (25... Bg7 $17) 26. Rb1 Nxc1 27. Rbxc1 Rd8 28. g3 Nd3 29. Ra1 Bb4 30. Na4 Rac8 31. f4 e5 32. b3 Rb8 33. Ra2 Kg7 34. Rc2 h5 ({Better is} 34... exf4 $17 35. gxf4 Rd6) 35. Rc4 (35. Nec3 $1 $11 {keeps the balance.}) 35... h4 36. Rc6 hxg3 37. hxg3 exf4 38. gxf4 {[#]} g5 $1 {[%mdl 512]} 39. fxg5 Ne5 40. Rxd8 Rxd8 41. Rc2 Nf3 42. Kf2 Nxg5 {Black wants to play ...Rd3.} 43. Ke3 Rd1 44. Ng3 Re1+ 45. Re2 Rb1 46. Rb2 Rg1 47. Nh5+ Kf8 48. Nf6 Kg7 49. Nh5+ Kh6 50. Rh2 Re1+ 51. Kd3 Bd6 (51... Nf3 $1 $15 52. Rh3 Nd2) 52. Rh4 (52. Ng3+ $11 Kg6 53. Rg2) 52... Nf3 53. Rh3 {Threatens to win with Nf6+.} Ne5+ (53... Ng1 $17 54. Rh1 Kg6) 54. Kd2 $1 $11 {[%cal Rd2e1]} Rb1 55. Ng3+ Kg5 56. Nf5 Bb4+ 57. Kc2 Re1 {And now ...Re2+ would win.} (57... Rf1 {looks sharper.} 58. Nc3 Rf2+ 59. Kc1 Kf4 60. Rh4+ Kf3) 58. Nc3 Bxc3 (58... Nc6 {feels hotter.} 59. Ne3 Nd4+ 60. Kb2 f6 61. Ned5 Bd6) 59. Rxc3 {[%mdl 4096] Endgame KRN-KRN} Re2+ 60. Kb1 Rxe4 61. Nd6 Re1+ 62. Ka2 f5 {[#]} (62... f6 {seems wilder.} 63. Rc5 Kg6 64. Rxa5 Nd3 65. Ra4 Rd1) 63. Nxf5 $1 {[%mdl 512]} Kxf5 {KRN-KR} 64. Rc5 Ke4 65. Rxa5 Nd3 66. Ra8 Nb4+ 67. Kb2 Re2+ 68. Kc3 $2 {[%mdl 8192]} (68. Kc1 $11) 68... Nd5+ $19 69. Kc4 Nb6+ {Precision: White = 42%, Black = 51%.} 0-1

[Event "FIDE World Cup 2017"]
[Site "Tbilisi"]
[Date "2017.09.08"]
[Round "2.5"]
[White "Caruana, Fabiano"]
[Black "Lenic, Luka"]
[Result "1-0"]
[WhiteElo "2799"]
[BlackElo "2646"]
[Annotator "TA"]
[PlyCount "89"]
[EventDate "2017.??.??"]
[EventType "k.o."]
[EventCountry "GEO"]
[SourceTitle "playchess.com"]
[Source "ChessBase"]
[SourceQuality "1"]

{[%evp 13,89,22,31,37,35,30,21,29,32,12,24,20,37,19,30,0,59,0,12,5,28,26,23,12,14,14,20,26,16,24,48,29,54,27,35,27,20,20,23,25,25,21,20,32,32,7,8,6,29,8,81,37,135,143,196,193,175,173,29988,29989,29989,370,309,252,246,245,411,411,404,404,424,403,601,581,821,643,1722,1666]} 1. e4 c5 2. Nf3 Nc6 3. Bb5 e6 4. O-O Nge7 5. d4 cxd4 6. Nxd4 Qb6 7. Nxc6 {B30: Sicilian: 2...Nc6 3 Bb5, lines without ...g6} dxc6 {LiveBook: 4 Games} 8. Bc4 Ng6 9. Kh1 $146 {White is slightly better.} ({Find the theoretical novelty and annotate with similar games:} 9. a4 a5 10. Kh1 Be7 11. f4 O-O 12. Nc3 Qb4 13. Qe2 e5 14. f5 Nf4 15. Bxf4 exf4 {1-0 (52) Frolyanov,D (2537)-Filipenko,A (2286) Samara 2017}) 9... Qc7 10. f4 Bd6 {[%cal Rg6f4]} 11. e5 Be7 12. Nc3 O-O 13. Bd3 b6 14. a4 a6 ({Better is} 14... Bb7 $11) 15. Be4 Bb7 16. Be3 c5 17. g3 f5 18. exf6 Bxf6 19. Qf3 Bxe4 20. Qxe4 Bxc3 21. bxc3 Rae8 22. Rad1 Re7 23. Rf2 (23. a5 $5) 23... Rd8 24. Rxd8+ Qxd8 25. Rd2 Qc7 26. Qa8+ Kf7 $1 27. Qxa6 Qb7+ 28. Qxb7 Rxb7 $11 {[%mdl 4096] Endgame KRB-KRN} 29. a5 (29. Rd1 $5 {[%cal Rd1b1]}) 29... bxa5 30. Bxc5 Ne7 31. Rd8 Nd5 (31... Rc7 $11 32. Bd6 Ra7) 32. Bd4 {Black must now prevent Ra8.} a4 (32... Ne7 $14) 33. Ra8 $16 Rb1+ (33... e5 $16) 34. Kg2 $18 Rc1 35. Ra7+ Kg6 $2 {[#]} (35... Ke8 $18 36. Rxa4 Rxc2+ 37. Kh3 Nf6) 36. Rxg7+ Kh6 37. Ra7 $2 (37. Rg5 {NOTEXT} e5 38. Bxe5 Ne3+ 39. Kf3 Nf5 40. Rxf5 Kg6 41. Rf6+ Kg7 42. Ra6+ Kf7 43. Rxa4) 37... Nxc3 38. Kh3 ({Less strong is} 38. Bxc3 Rxc2+ 39. Kh3 Rxc3 $16) 38... Nb5 39. Rxa4 Rxc2 $2 {[#]} (39... Nxd4 40. Rxd4 Rxc2) 40. Be5 Kg6 41. Ra6 Kf7 42. Rb6 Rc5 (42... Na3 $142 43. Rb7+ Kg6) 43. Rb7+ {White is clearly winning.} Kg6 44. Rg7+ Kh6 45. Rg5 {Precision: White = 54%, Black = 42%.} 1-0

[Event "FIDE World Cup 2017"]
[Site "Tbilisi"]
[Date "2017.09.08"]
[Round "2.5"]
[White "Radjabov, Teimour"]
[Black "Artemiev, Vladislav"]
[Result "1-0"]
[WhiteElo "2742"]
[BlackElo "2692"]
[Annotator "TA"]
[PlyCount "141"]
[EventDate "2017.??.??"]
[EventType "k.o."]
[EventCountry "GEO"]
[SourceTitle "playchess.com"]
[Source "ChessBase"]
[SourceQuality "1"]

{[%evp 14,141,31,20,27,0,19,0,20,31,58,21,26,28,42,0,10,10,6,0,0,-13,14,0,8,0,0,0,0,0,-4,-28,-17,-10,-13,-55,-22,-75,-66,-75,-14,-122,0,-10,0,0,0,0,0,0,48,58,80,80,82,80,72,75,97,42,41,33,43,23,37,33,18,39,69,51,87,76,88,28,27,0,0,0,0,0,0,0,0,0,0,0,0,0,29,14,114,108,141,141,141,141,137,114,176,158,144,136,1083,445,1190,1190,1190,1190,1190,1183,1175,1175,1175,442,434,412,29966,316,29967,29967,29968,29969,29968,29966,29960,29964,29971,29972,5627,5243]} 1. e4 c5 2. Nf3 e6 3. d4 cxd4 4. Nxd4 a6 5. Bd3 Nf6 6. O-O Qc7 7. Nc3 d6 8. a4 b6 {B43: Sicilian: Kan Variation: 5 Nc3} 9. Re1 (9. Qe2 Bb7 10. f4 Nbd7 11. Bd2 Be7 12. g4 d5 13. e5 Bc5 14. Be3 Ne4 15. Bxe4 dxe4 16. Bf2 {1-0 (32) Najer,E (2653)-Volokitin,A (2638) Dubai 2014}) 9... Be7 10. Qf3 Nbd7 $146 {[%cal Bb8d7,Bd7e5,Be5d3][%mdl 32] The position is equal.} ({Predecessor:} 10... O-O 11. Qg3 Nbd7 12. Nd5 Nxd5 13. exd5 Nc5 14. Bc4 Bf6 15. Nf3 e5 16. Bg5 Bxg5 17. Qxg5 {1-0 (38) Garrido Dominguez,J (2333)-Beltran de Heredia Eguiaz,M (2041) Galapagar 2009}) 11. Qg3 Ne5 12. f4 Nxd3 13. cxd3 O-O 14. Be3 Bb7 15. f5 e5 16. Nf3 Kh8 17. Kh1 Rae8 (17... b5 $5) 18. Rac1 Qd8 19. Bg5 Nh5 20. Qg4 Bxg5 21. Nxg5 Nf6 $36 {[%mdl 2048] Black fights for an advantage.} 22. Qh3 h6 23. Nf3 d5 24. g4 dxe4 $1 25. dxe4 {g5 is the strong threat.} Qa8 $1 {[%cal Rf6e4]} 26. Nd2 Kg8 ({Black should play} 26... Rc8 $1 $17 27. Qg2 (27. g5 Nxe4 28. Ndxe4 Bxe4+ 29. Kg1 Rg8 $11) 27... Kg8) 27. Qh4 (27. Re2 $11 {remains equal.}) 27... Rd8 (27... Rc8 $17 {White must now prevent ...Bxe4+!} 28. Kg1 b5 $1 {[%mdl 512]} 29. axb5 axb5) 28. g5 $11 hxg5 29. Qxg5 {[#]} Rxd2 $1 {[%mdl 512]} 30. Qxd2 Bxe4+ 31. Kg1 $1 Bxf5 (31... Rd8 $5 {[%cal Rd8d2]} 32. Qg5 Bf3 $11) 32. Rxe5 Bg6 33. Nd5 Nxd5 34. Qxd5 Qb8 35. Rce1 {aiming for Qd7.} Qc8 36. Qd4 (36. R5e3 $16) 36... f6 $14 37. Rd5 Bf7 38. Rd6 b5 39. a5 Qf5 40. Re4 Qg5+ 41. Kf2 (41. Rg4 $5 {[%cal Rg4g5]} Qc1+ 42. Kg2 $14) 41... Qf5+ {[#]} 42. Kg3 $1 Bg6 43. Rf4 (43. Re1 $16) 43... Qb1 $1 $11 44. Rd8 ({Don't play} 44. Rxa6 Re8 $16) 44... Qe1+ 45. Kh3 Qe6+ 46. Kg2 Qe2+ 47. Kh3 Qe6+ 48. Kg3 {Strongly threatening Qd5.} Qe1+ 49. Kg2 Qe2+ 50. Kg1 Qe1+ 51. Rf1 Qxa5 (51... Qe2 $1 $11 {keeps the balance.}) 52. Rd1 {Threatens to win with Qd5+.} Rxd8 53. Qxd8+ Qxd8 54. Rxd8+ $16 {[%mdl 4096] Endgame KR-KB} Kf7 55. Ra8 {[%mdl 1024] White has strong compensation.} Bd3 (55... Bc2 $16 {might work better.} 56. Rxa6 g5) 56. Ra7+ Kg6 57. b4 f5 $2 {[%mdl 8192]} (57... Bc4 $16 58. Kf2 (58. Rxa6 Kh5 $16) 58... Be6 59. Rxa6 Kf5) 58. Kf2 $18 Kf6 (58... Kh6 $142 59. Rxa6+ Kh5) 59. Rxa6+ Kg5 {[#]} 60. h4+ $1 {[%mdl 512]} Kh5 (60... Kxh4 61. Rg6) 61. Ke3 Bc4 62. Kf4 g6 63. Ra8 {[%cal Ra8h8]} Kh6 64. Rb8 Be2 (64... Bf1 $18 65. Rc8 Bc4 66. Rh8+ Kg7) 65. Rh8+ Kg7 66. Re8 Bf1 67. Kg5 Kf7 68. Re5 Bd3 69. Rd5 Be2 70. Rd6 Bh5 71. Rb6 {Precision: White = 55%, Black = 46%.} 1-0

[Event "FIDE World Cup 2017"]
[Site "Tbilisi"]
[Date "2017.09.08"]
[Round "2.5"]
[White "Andreikin, Dmitry"]
[Black "Matlakov, Maxim"]
[Result "0-1"]
[WhiteElo "2708"]
[BlackElo "2728"]
[Annotator "TA"]
[PlyCount "64"]
[EventDate "2017.??.??"]
[EventType "k.o."]
[EventCountry "GEO"]
[SourceTitle "playchess.com"]
[Source "ChessBase"]
[SourceQuality "1"]

{[%evp 17,64,-6,55,0,49,11,15,10,10,10,11,4,0,0,3,-27,-32,-51,-32,-85,-7,-7,0,-70,-79,-88,-89,-98,-98,-98,-98,-100,-98,-96,-97,-345,-342,-913,-902,-1160,-1133,-1520,-1490,-1429,-910,-899,-874,-6507,-6503]} 1. Nf3 d5 2. b3 Bf5 3. Bb2 e6 4. g3 Nf6 5. Bg2 h6 6. c4 c6 7. O-O Nbd7 8. d3 Bh7 9. Nbd2 Bd6 {LiveBook: 10 Games} (9... Be7 $11) 10. a3 {A12: English Opening: 1...c6 with b3 by White} ({White should play} 10. cxd5 $14 exd5 11. e4 dxe4 12. dxe4) (10. e4 dxe4 11. Nxe4 Be7 12. Nxf6+ Bxf6 13. Bxf6 Qxf6 14. d4 O-O 15. Qe2 Rfd8 16. Rad1 a5 17. Rd2 a4 {1-0 (49) Torre,E (2494)-Atalik,S (2550) Tekirdag 2016}) 10... a5 11. e4 dxe4 12. Nxe4 $146 {The position is equal.} ({Predecessor:} 12. dxe4 e5 13. Nh4 O-O 14. Nf5 Bc5 15. Qc2 Re8 16. Bc3 Bxf5 17. exf5 Qe7 {0-1 (37) Foermes,A (2037)-Rosenberger,F (2090) Hofheim 2014}) 12... Be7 13. Nxf6+ Bxf6 14. d4 O-O 15. Re1 Nc5 16. Re3 a4 17. b4 Nb3 18. Ra2 (18. Rxb3 $15 axb3 19. Qxb3) 18... Qb6 (18... Qc7 $17) 19. c5 $1 $11 {[%cal Rc5b6]} Qc7 20. Bf1 (20. d5 $11) 20... Rad8 $15 21. Bc4 {[#]} e5 $1 {[%mdl 512]} 22. Bxb3 (22. dxe5 Rxd1+) 22... axb3 23. Qxb3 {[%cal Rd4e5]} exd4 24. Re1 Qd7 25. Ba1 Rfe8 26. Rd1 $2 (26. Rxe8+ $17 {might work better.} Qxe8 27. Qd1) 26... Be4 $19 27. Ne1 $2 (27. Re2 d3 28. Rxe4 Rxe4 29. Bxf6 gxf6 30. Kg2) 27... Bd5 {Black is clearly winning.} 28. Qb1 Qh3 {( -> ...Rxe1+!)} 29. f4 Bxa2 30. Qxa2 d3 31. Bxf6 gxf6 32. Nxd3 {[#]} Rxd3 $1 {[%mdl 512] Precision: White = 28%, Black = 73%.} 0-1

[Event "FIDE World Cup 2017"]
[Site "Tbilisi"]
[Date "2017.09.08"]
[Round "2.5"]
[White "Jobava, Baadur"]
[Black "Yu, Yangyi"]
[Result "1-0"]
[WhiteElo "2702"]
[BlackElo "2750"]
[Annotator "TA"]
[PlyCount "83"]
[EventDate "2017.??.??"]
[EventType "k.o."]
[EventCountry "GEO"]
[SourceTitle "playchess.com"]
[Source "ChessBase"]
[SourceQuality "1"]

{[%evp 14,83,8,10,8,-4,0,-17,-14,-29,-22,-28,-23,-25,-17,-25,-19,-26,-23,-31,-28,-31,-31,-30,-26,-36,-20,-32,-3,-33,15,15,15,15,16,0,18,23,39,25,31,31,168,186,177,174,186,191,144,162,173,126,149,149,958,947,895,874,1490,1523,1409,1401,1362,1307,1221,805,12828,831,29992,29993,29994,29995]} 1. b3 d5 2. Bb2 Nf6 3. e3 g6 4. c4 dxc4 (4... Bg7 5. cxd5 O-O 6. Nf3 Nbd7 7. Qc2 Nxd5 8. Bxg7 Kxg7 9. e4 N5b6 10. d4 Re8 11. a4 a5 12. Qc3 {½-½ (53) Mamedyarov,S (2765)-Wang,Y (2720) Beijing 2014}) 5. Bxc4 Bg7 6. Nf3 {A01: Nimzowitsch-Larsen Opening} O-O 7. O-O c5 8. Be2 {LiveBook: 3 Games. The position is equal.} b6 9. d3 Bb7 10. Nbd2 Nc6 11. a3 Nd5 $146 ({Predecessor:} 11... Re8 12. Rc1 e5 13. Qc2 Nd5 14. Rfd1 Qe7 15. Qb1 Rad8 16. Nc4 f5 17. Bf1 f4 {½-½ (17) Stany,G (2381)-Thejkumar,M (2437) Goa 2015}) 12. Bxg7 Kxg7 13. Qc2 Qd7 14. Qb2+ f6 15. Rfd1 Rfd8 16. Rac1 Rac8 17. h3 e5 18. Ne4 Qe7 19. Re1 Rd7 20. Bf1 Qd8 21. Rcd1 Nde7 22. b4 cxb4 23. axb4 Nf5 24. Rc1 Qe7 25. b5 Na5 26. Rxc8 Bxc8 27. d4 $36 {[%cal Bd3d4,Bd4e5,Be5e6][%mdl 2080] White has some pressure.} Bb7 {[#]} (27... exd4 $1 $14 28. exd4 Qd8) 28. Nxf6 $1 $18 Kxf6 (28... Qxf6 29. dxe5 Qe6 30. Ng5 $18) 29. dxe5+ Kf7 {[#] White must now prevent ...Bxf3.} 30. e6+ $1 {[%mdl 512]} Kxe6 {Strongly threatening ...Bxf3.} (30... Qxe6 31. Ng5+) 31. e4 Ng7 32. Qa2+ Kd6 {[#] aiming for ...Kc7.} 33. Rc1 $1 Bxe4 $2 {[%mdl 8192]} (33... Qd8 $16) 34. Qd2+ Ke6 35. Ng5+ Kf5 36. g4+ Kf6 37. Nxe4+ Qxe4 38. Qxd7 Ne6 39. Bg2 Qd4 40. Qxh7 (40. Bd5 $142 Qe5 41. Rd1) 40... Nf4 41. Qh8+ Ke6 42. Re1+ {Precision: White = 69%, Black = 39%.} 1-0

[Event "FIDE World Cup 2017"]
[Site "Tbilisi"]
[Date "2017.09.08"]
[Round "2.5"]
[White "Duda, Jan-Krzysztof"]
[Black "Ivanchuk, Vassily"]
[Result "1/2-1/2"]
[WhiteElo "2698"]
[BlackElo "2727"]
[Annotator "TA"]
[PlyCount "47"]
[EventDate "2017.??.??"]
[EventType "k.o."]
[EventCountry "GEO"]
[SourceTitle "playchess.com"]
[Source "ChessBase"]
[SourceQuality "1"]

{[%evp 25,47,17,40,5,10,7,18,0,0,-27,-29,-40,-35,-22,-20,-56,-56,-48,-49,-113,0,0,0,-108]} 1. e4 c5 2. Nf3 Nc6 3. d4 cxd4 4. Nxd4 g6 5. c4 Nf6 6. Nc3 d6 7. Be2 Nxd4 8. Qxd4 Bg7 9. Be3 O-O 10. Qd2 a5 {B36: Sicilian: Maroczy Bind: Gurgenidze System} 11. O-O a4 12. Rac1 Qa5 13. f3 Bd7 {LiveBook: 7 Games} 14. c5 Bc6 15. cxd6 Rfd8 {[#]} 16. Bc4 $146 {[#] Strongly threatening Nd5.} ({Predecessor:} 16. Nb1 Qxd2 17. Nxd2 exd6 18. Nc4 d5 19. Nb6 Ra5 20. e5 Nd7 21. f4 Nf8 22. Bd2 Ra7 23. Be3 Ra5 24. Bd2 Ra7 25. Be3 {½-½ (25) Kasparov,G (2825)-Alterman,B (2615) Tel Aviv 1998}) 16... Rxd6 17. Qf2 Nd7 $1 18. Rfd1 a3 {And now ...axb2 would win.} 19. Rxd6 exd6 20. b4 Qxb4 21. Nd5 Qb2 22. Rc2 (22. h3 $15) 22... Qb1+ 23. Rc1 Qb2 24. Rc2 $1 1/2-1/2